000 00312nam a22001337a 4500
008 180910b xxu||||| |||| 00| 0 eng d
020 _a9780201493535
041 _aeng
080 _a311
100 _a55
101 _aSTA
245 _aInvestigating Probality And Statistics
_cJones.G.A
942 _2udc
_cBK
999 _c47629
_d47629